000 004940000a22001690004500
003 LK-CoMWRAF
008 230817t ||||| |||| 00| 0 eng d
040 _aLK-CoMWRAF
_dLK-CoMWRAF
_eLK-CoMWRAF
041 _aeng
082 _a301.10
_bJAY
100 _aJayatilaka, Ramanie
245 _aGlobalization and Rural Women
_bA Case Study of Two Villages in the District of Galle
260 _aColombo
_bCenter for Society and Religion
_c1998
300 _ap.89
490 _aVol.36 No.1
942 _cBK
999 _c224
_d224